| 000 | 01191nam a2200253Ia 4500 | ||
|---|---|---|---|
| 003 | OSt | ||
| 005 | 20220930094912.0 | ||
| 006 | a|||||r|||| 00| 0 | ||
| 007 | ta | ||
| 008 | 220926b |||||||| |||| 00| 0 san d | ||
| 024 | _a35208 | ||
| 037 | _cTheses | ||
| 040 |
_aCRL _cCRL _bsan |
||
| 041 |
_2san _asan |
||
| 100 | _aमोनिका, ले. | ||
| 110 |
_aदिल्ली विश्वविद्यालय. कला संकाय. संस्कृत _9556677 |
||
| 245 | 0 |
_aकैयटकृत प्रदीप एवं हरदत्तमिश्रविरचित पदम॰जरी का समालोचनात्मक अध्ययन _b समास प्रकरण के संदर्भ में। |
|
| 246 | _aKaiyaṭakṛut pradīp evan haradattamishravirachit padama॰jarī kā samālochanātmak adhyayana: samās prakaraṇ ke sandarbha mean। | ||
| 260 | _c2016 | ||
| 300 |
_a245पृ. _ap. _ccm. |
||
| 700 |
_aदिल्ली विश्वविद्यालय. कला संकाय. संस्कृत _9556678 |
||
| 942 |
_cDIS _2CC |
||
| 999 |
_c887908 _d887908 |
||